| 000 | 01036cab a2200325 4500 | ||
|---|---|---|---|
| 001 | ABS59099 | ||
| 008 | 090401t1998 xxu||||| |||| 00| 0 eng d | ||
| 035 | _a(Sirsi) u87648 | ||
| 041 | _aeng | ||
| 100 | _aRumble, P. | ||
| 245 | _aBuilding costs and the Red Book | ||
| 260 | _c1998 | ||
| 350 | _a0 | ||
| 490 |
_aCSM _bChartered Surveyor Monthly _vJuly/August 1998, 50-51(2) |
||
| 520 | _aProvides a worked example of a valuation for partnership transaction purposes of doctors` surgeries, reflecting the requirements of the RICS "Appraisal and Valuation Manual". | ||
| 650 | _aCOST RENT | ||
| 650 | _aDEPRECIATED REPLACEMENT COST | ||
| 650 | _aGOODWILL | ||
| 650 | _aGROSS REPLACEMENT COST | ||
| 650 | _aMARKET VALUE | ||
| 650 | _aNATIONAL HEALTH SERVICE ACT 1977 | ||
| 650 | _aOPEN MARKET VALUE | ||
| 650 | _aPARTNERSHIPS | ||
| 650 | _aRICS APPRAISAL AND VALUATION MANUAL | ||
| 650 | _aSURGERY PREMISES | ||
| 650 |
_aValuation _96273 |
||
| 690 | _aRATING AND VALUATION | ||
| 942 | _n0 | ||
| 948 | _c24/07/1998 | ||
| 999 |
_c55298 _d55298 |
||